000 00181 a2200097 4500
020 _a9780673758422
041 _aspa
100 _aMora, Pat
245 _aEn mi desierto
942 _cBK
999 _c31959
_d31957